| 000 | 00745nam a22002057a 4500 | ||
|---|---|---|---|
| 008 | 181018b xxu||||| |||| 00| 0 eng d | ||
| 020 | _a9780312474911 | ||
| 050 |
_aPE1417 _b.M37 2009 |
||
| 100 | _aSchilb, John | ||
| 245 |
_a Making literature matter : _ban anthology for readers and writers / _c[edited by] John Schilb, John Clifford |
||
| 260 |
_aBoston, MA : _bBedford/St. Martins, _c2009 |
||
| 300 |
_axxix, 1648 p., [8] pages of plates : _bill. _c25cm. |
||
| 650 | _aCollege readers | ||
| 650 |
_aEnglish language _vProblems, exercises, etc _xRhetoric |
||
| 650 |
_aAcademic writing _vProblems, exercises, etc |
||
| 650 | _aAmerican literature | ||
| 650 | _aEnglish literature | ||
| 700 | _aClifford, John, | ||
| 942 |
_2lcc _cBK |
||
| 999 |
_c53654 _d53654 |
||